Представление документа в формате MARC21

Поле Инд. ПП Название Значение
Тип записи a
Библиографический уровень a
001 Контрольный номер RU/IS/BASE/315424864
005 Дата корректировки 20240503211625.9
009 1 27.04.2015
020 a ISBN 5-7529-0357-2
040 9 Бубина
9 Ухарова
9 Терентьева
090 a Полочн. индекс Ш5(2=Р)7
x Авторский знак Л 615
091 a Индекс ББК (DOS) Ш43(2)(=411.2){6}
100 1_ a Автор Липовецкий М. З.
245 11 a Заглавие "Свободы черная работа"
b Продолж. заглавия статьи о литературе
260 a Место издания Свердловск
b Издательство Сред.-Урал. кн. изд-во
c Дата издания 1991
300 a Объем 269, 2с.
600 a Персоналии Маканин В. С.
d Даты жизни р. 1937
g Прочие сведения Владимир Семенович
600 14 a Персоналии Верников Александр
600 14 a Персоналии Шварц Е. Л.
d Даты жизни 1896-1958
g Прочие сведения Евгений Львович
600 14 a Персоналии Петрушевская Л. С.
d Даты жизни р. 1938
g Прочие сведения Людмила Стефановна
600 14 a Персоналии Искандер Ф. А.
g Прочие сведения Фазиль Абдулович
600 14 a Персоналии Кузнецов Ю. П.
g Прочие сведения Юрий Поликарпович
600 14 a Персоналии Гроссман В. С.
e Роль лиц писатель русский
d Даты жизни 1905-1964
g Прочие сведения Василий Семенович
650 a Основная рубрика русская литература
653 a Ключевые слова русская литература
901 t Тип документа m